000 00376nam a22001577a 4500
003 OSt
005 20220223153515.0
008 220223b |||||||| |||| 00| 0 eng d
020 _a9788177586848
040 _cHU
082 _a330.015195 GRE 2003
100 _aGreene, William H., 1951-
_931374
245 _aEconometric analysis
300 _a1026P
942 _2ddc
_cBOOKS
_n0
999 _c31440
_d31440